歴代皐月賞勝ち馬 - Statistics

General Stats
  • This quiz has been taken 14 times
  • The average score is 28 of 85
Answer Stats
Hint Answer % Correct
1984 シンボリルドルフ
83%
2005 ディープインパクト
83%
2022 ジオグリフ
83%
2025 ミュージアムマイル
83%
2011 オルフェーヴル
75%
2012 ゴールドシップ
75%
2020 コントレイル
75%
1994 ナリタブライアン
67%
2015 ドゥラメンテ
67%
2023 ソールオリエンス
67%
1941 セントライト
58%
1964 シンザン
58%
1983 ミスターシービー
58%
1997 サニーブライアン
58%
1998 セイウンスカイ
58%
1999 テイエムオペラオー
58%
2021 エフフォーリア
58%
2024 ジャスティンミラノ
58%
1973 ハイセイコー
50%
1985 ミホシンザン
50%
1991 トウカイテイオー
50%
2001 アグネスタキオン
50%
2003 ネオユニヴァース
50%
2006 メイショウサムソン
50%
1975 カブラヤオー
42%
1976 トウショウボーイ
42%
1992 ミホノブルボン
42%
1993 ナリタタイシン
42%
1996 イシノサンデー
42%
2002 ノーリーズン
42%
2004 ダイワメジャー
42%
2013 ロゴタイプ
42%
2014 イスラボニータ
42%
1951 トキノミノル
33%
1960 コダマ
33%
1988 ヤエノムテキ
33%
1990 ハクタイセイ
33%
2000 エアシャカール
33%
2007 ヴィクトリー
33%
2016 ディーマジェスティ
33%
2017 アルアイン
33%
2018 エポカドーロ
33%
2019 サートゥルナーリア
33%
1970 タニノムーティエ
25%
1971 ヒカルイマイ
25%
1987 サクラスターオー
25%
1995 ジェニュイン
25%
2009 アンライバルド
25%
1947 トキツカゼ
17%
1950 クモノハナ
17%
1952 クリノハナ
17%
1953 ボストニアン
17%
1963 メイズイ
17%
1972 ランドプリンス
17%
1977 ハードバージ
17%
1979 ビンゴガルー
17%
1980 ハワイアンイメージ
17%
1981 カツトップエース
17%
1986 ダイナコスモス
17%
1989 ドクタースパート
17%
2008 キャプテントゥーレ
17%
2010 ヴィクトワールピサ
17%
1939 ロックパーク
8%
1940 ウアルドマイン
8%
1942 アルバイト
8%
1943 ダイエレク
8%
1944 クリヤマト
8%
1948 ヒデヒカリ
8%
1949 トサミドリ
8%
1954 ダイナナホウシュウ
8%
1955 ケゴン
8%
1956 ヘキラク
8%
1957 カズヨシ
8%
1958 タイセイホープ
8%
1959 ウイルデイール
8%
1961 シンツバメ
8%
1962 ヤマノオー
8%
1965 チトセオー
8%
1966 ニホンピロエース
8%
1967 リユウズキ
8%
1968 マーチス
8%
1969 ワイルドモア
8%
1974 キタノカチドキ
8%
1978 フアンタスト
8%
1982 アズマハンター
8%
No matching quizzes found
Score Distribution
Percent of People with Each Score
Percentile by Number Answered
Your Score History
You have not taken this quiz